Normal view
MARC view
- VALLU TEJASWINI
Entry Personal Name
001 - CONTROL NUMBER
- control field: 3536
003 - CONTROL NUMBER IDENTIFIER
- control field: OSt
005 - DATE AND TIME OF LATEST TRANSACTION
- control field: 20181001160738.0
008 - FIXED-LENGTH DATA ELEMENTS
- fixed length control field: 181001|| aca||aabn | a|a d
040 ## - CATALOGING SOURCE
- Original cataloging agency: OSt
- Transcribing agency: OSt
100 ## - HEADING--PERSONAL NAME
- Personal name: VALLU TEJASWINI
670 ## - SOURCE DATA FOUND
- Source citation: Work cat.: (OSt)14920: VALLU TEJASWINI, Hydrologic assessment of a small watershed to combat agricultural drought
